<?xml version="1.0" encoding="UTF-8"?>
<record
    xmlns:xsi="http://www.w3.org/2001/XMLSchema-instance"
    xsi:schemaLocation="http://www.loc.gov/MARC21/slim http://www.loc.gov/standards/marcxml/schema/MARC21slim.xsd"
    xmlns="http://www.loc.gov/MARC21/slim">

  <leader>00711nam a22002057a 4500</leader>
  <controlfield tag="003">OSt</controlfield>
  <controlfield tag="008">260630b        |||||||| |||| 00| 0 eng d</controlfield>
  <datafield tag="020" ind1=" " ind2=" ">
    <subfield code="a">9781466657809</subfield>
  </datafield>
  <datafield tag="082" ind1=" " ind2=" ">
    <subfield code="a">374</subfield>
    <subfield code="b">I43A</subfield>
  </datafield>
  <datafield tag="100" ind1=" " ind2=" ">
    <subfield code="a">IRMA</subfield>
  </datafield>
  <datafield tag="245" ind1=" " ind2=" ">
    <subfield code="a">Adult and Continuing Education : concepts, methodologies, tools and applications / </subfield>
    <subfield code="c">by Information Resources Management Association</subfield>
  </datafield>
  <datafield tag="260" ind1=" " ind2=" ">
    <subfield code="a">.- USA</subfield>
    <subfield code="b">: IGI Global</subfield>
    <subfield code="c">, 2014</subfield>
  </datafield>
  <datafield tag="300" ind1=" " ind2=" ">
    <subfield code="a">vol.- l, (xxix,520); vol.- ll, (xxix,521-1047); vol.- lll, (xxix,1048-1564); vol.-IV, (xxix,1566-2066)p.</subfield>
  </datafield>
  <datafield tag="365" ind1=" " ind2=" ">
    <subfield code="e">4vol. Set Price- 180238.50</subfield>
  </datafield>
  <datafield tag="650" ind1=" " ind2=" ">
    <subfield code="a">Social Sciences</subfield>
  </datafield>
  <datafield tag="650" ind1=" " ind2=" ">
    <subfield code="a">Education</subfield>
  </datafield>
  <datafield tag="650" ind1=" " ind2=" ">
    <subfield code="a">Adult Education</subfield>
  </datafield>
  <datafield tag="650" ind1=" " ind2=" ">
    <subfield code="a">Continuing Education</subfield>
  </datafield>
  <datafield tag="942" ind1=" " ind2=" ">
    <subfield code="2">ddc</subfield>
    <subfield code="c">RFB</subfield>
  </datafield>
  <datafield tag="999" ind1=" " ind2=" ">
    <subfield code="c">52495</subfield>
    <subfield code="d">52495</subfield>
  </datafield>
  <datafield tag="952" ind1=" " ind2=" ">
    <subfield code="0">0</subfield>
    <subfield code="1">0</subfield>
    <subfield code="2">ddc</subfield>
    <subfield code="4">0</subfield>
    <subfield code="7">0</subfield>
    <subfield code="a">RAU</subfield>
    <subfield code="b">RAU</subfield>
    <subfield code="c">REF</subfield>
    <subfield code="d">2026-06-30</subfield>
    <subfield code="e">TTPP, New Delhi</subfield>
    <subfield code="g">45059.63</subfield>
    <subfield code="o">374 I43A</subfield>
    <subfield code="p">87655</subfield>
    <subfield code="r">2026-06-30</subfield>
    <subfield code="w">2026-01-29</subfield>
    <subfield code="y">RFB</subfield>
    <subfield code="z">Volume- l</subfield>
    <subfield code="k">IN-00449</subfield>
  </datafield>
  <datafield tag="952" ind1=" " ind2=" ">
    <subfield code="0">0</subfield>
    <subfield code="1">0</subfield>
    <subfield code="2">ddc</subfield>
    <subfield code="4">0</subfield>
    <subfield code="7">0</subfield>
    <subfield code="a">RAU</subfield>
    <subfield code="b">RAU</subfield>
    <subfield code="c">REF</subfield>
    <subfield code="d">2026-06-30</subfield>
    <subfield code="e">TTPP, New Delhi</subfield>
    <subfield code="g">45059.63</subfield>
    <subfield code="o">374 I43A</subfield>
    <subfield code="p">87656</subfield>
    <subfield code="r">2026-06-30</subfield>
    <subfield code="w">2026-01-29</subfield>
    <subfield code="y">RFB</subfield>
    <subfield code="z">Volume- ll</subfield>
    <subfield code="k">IN-00449</subfield>
  </datafield>
  <datafield tag="952" ind1=" " ind2=" ">
    <subfield code="0">0</subfield>
    <subfield code="1">0</subfield>
    <subfield code="2">ddc</subfield>
    <subfield code="4">0</subfield>
    <subfield code="7">0</subfield>
    <subfield code="a">RAU</subfield>
    <subfield code="b">RAU</subfield>
    <subfield code="c">REF</subfield>
    <subfield code="d">2026-06-30</subfield>
    <subfield code="e">TTPP, New Delhi</subfield>
    <subfield code="g">45059.63</subfield>
    <subfield code="o">374 I43A</subfield>
    <subfield code="p">87657</subfield>
    <subfield code="r">2026-06-30</subfield>
    <subfield code="w">2026-01-29</subfield>
    <subfield code="y">RFB</subfield>
    <subfield code="z">Volume- lll</subfield>
    <subfield code="k">IN-00449</subfield>
  </datafield>
  <datafield tag="952" ind1=" " ind2=" ">
    <subfield code="0">0</subfield>
    <subfield code="1">0</subfield>
    <subfield code="2">ddc</subfield>
    <subfield code="4">0</subfield>
    <subfield code="7">0</subfield>
    <subfield code="a">RAU</subfield>
    <subfield code="b">RAU</subfield>
    <subfield code="c">REF</subfield>
    <subfield code="d">2026-06-30</subfield>
    <subfield code="e">TTPP, New Delhi</subfield>
    <subfield code="g">45059.63</subfield>
    <subfield code="o">374 I43A</subfield>
    <subfield code="p">87658</subfield>
    <subfield code="r">2026-06-30</subfield>
    <subfield code="w">2026-01-29</subfield>
    <subfield code="y">RFB</subfield>
    <subfield code="z">Volume- lV</subfield>
    <subfield code="k">IN-00449</subfield>
  </datafield>
</record>
